Statistics for UEFA Euro 2020 (2021) host cities

Click here to take the quiz!

General Stats

  • This quiz has been taken 43 times
  • The average score is 10 of 12

Answer Stats

Stadium nameCity% Correct
Wembley StadiumLondon
100%
Johan Cruyff ArenaAmsterdam
98%
Allianz ArenaMunich
93%
Stadio OlimpicoRome
93%
Puskas ArenaBudapest
88%
Hampden ParkGlasgow
80%
Parken StadiumCopenhagen
75%
Olympic StadiumBaku
70%
Aviva StadiumDublin
70%
Arena NationalaBucharest
68%
San MamesBilbao
65%
Krestovsky StadiumSaint Petersburg
65%

Score Distribution

Percentile by Number Answered

Percent of People with Each Score

Your Score History

You have not taken this quiz